00320nam a2200133Ia 4500003000400000005001700004008004100021020001900062040002800081100001900109245003600128260001400164300000800178OSt20240322152047.0170523s9999 xx 000 0 und d a978-0874259698 cIIMT UNIVERSITY, MEERUT aPARKER, GLEM M 0a50 ACTIVITIES FOR SELF DIRECTED bPHIc2004 a231